Sports Quiz

Random Sports or NFL Quiz

2014 NFL Top Rushers Quiz Stats

 Plays Quiz not verified by Sporcle

Challenge
Share
Tweet
Embed
Score 0/20 Timer 05:00
0 Plays Today
Team Player % Correct
DALDeMarco Murray
100%
PHILeSean McCoy
98.8%
SEAMarshawn Lynch
98.8%
PITLe'Veon Bell
98.1%
SFFrank Gore
98.1%
DETJoique Bell
98.1%
KCJamaal Charles
97.5%
GBEddie Lacy
96.9%
CHIMatt Forte
96.9%
HOUArian Foster
96.3%
Team Player % Correct
CINJeremy Hill
92.6%
WSHAlfred Morris
92%
NOMark Ingram
91.4%
CARJonathan Stewart
89.5%
MIALamar Miller
87.7%
DENCJ Anderson
87%
SEARussell Wilson
84%
NYJChris Ivory
82.7%
STLTre Mason
74.1%
BALJustin Forsett
72.2%

You're not logged in!

Compare scores with friends on all Sporcle quizzes.
Join for Free
OR
Log In

You Might Also Like...

Show Comments

Extras

Top Quizzes Today


Score Distribution

Your Account Isn't Verified!

In order to create a playlist on Sporcle, you need to verify the email address you used during registration. Go to your Sporcle Settings to finish the process.

Report this User

Report this user for behavior that violates our Community Guidelines.

Details: